| 000 | 00541nam a2200193Ia 4500 | ||
|---|---|---|---|
| 005 | 20250326143134.0 | ||
| 008 | 250326s9999 xx 000 0 und d | ||
| 020 | _a0-385-04235-3 | ||
| 037 | _aTextbook | ||
| 040 |
_aFMSL _beng _cFMSL |
||
| 041 |
_aeng _2eng |
||
| 084 |
_aX8(D5133)v NO _qFMSL |
||
| 100 |
_aMcdonald J _9747189 |
||
| 245 | 0 |
_aMy years with general motors _cMcdonald J; Stevens C |
|
| 260 |
_aNY _bNY, Doubleday _c1990 |
||
| 300 | _axxiii,472 | ||
| 942 |
_cTB _hX8(D5133)v NO |
||
| 999 |
_c1298271 _d1298271 |
||